| 000 | 00882nam a2200253Ia 4500 | ||
|---|---|---|---|
| 003 | OSt | ||
| 005 | 20220923211031.0 | ||
| 006 | a|||||r|||| 00| 0 | ||
| 007 | ta | ||
| 008 | 220922b |||||||| |||| 00| 0 hin d | ||
| 020 |
_a8171245110 (hbk) _c160 |
||
| 024 | _a239,233 | ||
| 037 |
_b386, 29/01/2009, Vani Prakashan _cTextual |
||
| 040 |
_aARTS _cARTS _bhin |
||
| 041 |
_2hin _ahin |
||
| 082 | _aO152,3:gP1, P6 | ||
| 100 |
_aतिवारी, रामचन्द्र _9157372 |
||
| 245 | 0 | _aहिन्दी उपन्यास | |
| 246 | _aHindī upanyāsa | ||
| 260 |
_aवाराणसी _b विश्वविद्यालय प्रकाशन _c2006 |
||
| 300 |
_a204पृ. _ccm. |
||
| 942 |
_hO152,3:gP1, P6 _cTEXL _2CC |
||
| 999 |
_c294225 _d294225 |
||